000 00290nam a2200121Ia 4500
008 190802s9999 xx 000 0 und d
020 _a978-93-530-6896-7
100 _aJohn F. Hughes
245 0 _aComputer Graphics
260 _aNew Delhi
_bPearson
_c2019
300 _a1209:p
942 _cBK
999 _c2573
_d2573